Dinamización grupal.

محفوظ في:
التفاصيل البيبلوغرافية
المؤلف الرئيسي: Benito Bahamonde, Pilar (autora)
التنسيق: كتاب
اللغة:الإسبانية
منشور في: Madrid, España: Síntesis, 2017.
سلاسل:Módulo Transversal. Servicios socioculturales y a la comunidad.
الموضوعات:
الوسوم: إضافة وسم
لا توجد وسوم, كن أول من يضع وسما على هذه التسجيلة!

MARC

LEADER 00000nam a22000007a 4500
003 CL-VaPUC
005 20250407202459.0
008 250321t2017 ||||| |||| 00| 0 spa d
999 |c 447553  |d 447551 
020 |a 978-84-9077-462-5 
040 |c Pontificia Universidad Católica de Valparaíso 
082 |2 22  |a 302.3 BEN 2017 
100 |9 897343  |a Benito Bahamonde, Pilar  |e autora 
245 |a Dinamización grupal. 
260 |a Madrid, España:  |b Síntesis,  |c 2017. 
300 |a 174 páginas. 
490 |a Módulo Transversal. Servicios socioculturales y a la comunidad. 
500 |a c.1-2: Instituto Arcos. 08-01-2025 
583 |c 20250321  |k Yessy Sthefany Diaz Vidal 
650 0 |9 476933  |a Trabajo grupal  |x Destrezas y habilidades  |x Animación sociocultural  
650 0 |9 337591  |a Trabajo en grupo  |x Dinámicas   |x Animación turística 
942 |2 ddc  |c BK  |n 0 
952 |0 0  |1 0  |2 ddc  |4 0  |6 302_300000000000000_BEN_2017  |7 0  |8 A  |9 601724  |a BIBINC  |b BIBINC  |d 2025-03-21  |e Instituto Arcos  |i 5666515  |o 302.3 BEN 2017  |p 5666515  |r 2025-03-21  |t 1  |w 2025-03-21  |y BK  |k IFP 
952 |0 0  |1 0  |2 ddc  |4 0  |6 302_300000000000000_BEN_2017  |7 0  |8 A  |9 601725  |a BIBINC  |b BIBINC  |d 2025-03-21  |e Instituto Arcos  |i 5666516  |o 302.3 BEN 2017  |p 5666516  |r 2025-03-21  |t 2  |w 2025-03-21  |y BK  |k IFP